| 000 | 00657nam a2200229Ia 4500 | ||
|---|---|---|---|
| 003 | AR-BeUNQ | ||
| 005 | 20240430122404.0 | ||
| 008 | 221202s9999 xx 000 0 und d | ||
| 020 | _a987948164 | ||
| 040 |
_aAR-BeUNQ _bspa _eaacr _cAR-BeUNQ |
||
| 100 | _aSerrano, Gerardo | ||
| 245 | 0 | _aAuge y crisis de la Argentina agroexportadora | |
| 250 | _a1a ed. | ||
| 260 |
_aBuenos Aires _bLongseller _c2002 |
||
| 300 |
_a96 p. ; _bv6. ; il. ; _c28 xx 20 cm |
||
| 490 | _aHistoria Polimodal | ||
| 504 | _aContiene Bibliografía | ||
| 546 | _aEspañol | ||
| 653 | _aHistoria | ||
| 929 |
_bAlarcón Gladys _e2018 _aDONACION _fPAT0081507 _j58275 |
||
| 942 |
_cLIB _n0 |
||
| 999 |
_c469 _d469 |
||